| 000 | 00453nam a2200169Ia 4500 | ||
|---|---|---|---|
| 005 | 20250319160719.0 | ||
| 008 | 231217s9999 xx 000 0 und d | ||
| 020 | _a9788131206553 | ||
| 082 | _a658.8 MUD;1 R | ||
| 100 | _aMudie, Peter. Pirrie, Angela. | ||
| 245 | 0 | _aServices marketing management | |
| 250 | _a3rd ed. | ||
| 260 |
_c2006 _bButterworth Heinmann _aBurlington |
||
| 300 | _axii, 267 | ||
| 650 | _aservices,management | ||
| 942 | _cAA | ||
| 999 |
_c183821 _d183821 |
||